000 00636nam a2200205Ii 4500
003 JO-AjNU
008 230605s9999||||xx |||||||||||||| ||und||
040 _aJO-AjNU
_bara
_erda
_cJO-AjNU
041 _aara
050 1 4 _aQC23.W37 1988
100 3 _aواصي ، رافت كمال,
_eauthor
_915212
245 0 0 _aالفيزياء المعاصرة الضوء والبصر والصوت
250 _aط6
264 3 1 _aالقاهرة:دار المعارف ، 1988
300 _a286ص
336 _atext
_btxt
_2rdacontent
337 _aunmediated
_bn
_2rdamedia
338 _avolume
_bnc
_2rdacarrier
650 4 _aالفيزياء
_915213
999 _aA4242
_c7810
_d7810